| 000 | 01882nam a22002417a 4500 | ||
|---|---|---|---|
| 008 | 240606e20240605xxk|||||o||||o00| 0 eng d | ||
| 041 | _aeng | ||
| 245 |
_aCrofting Consultation 2024 _b: proposals for Crofting Law Reform _h[online publication] |
||
| 260 |
_bScottish Ministry of Agriculture and Connectivity _cJune 2024 |
||
| 520 | _aA Scottish Government consultation seting out proposals for crofting reform with the purpose to ensure that legislation facilitates and supports the sustainability of crofting, of crofters and crofting communities, and allows crofting to modernise, adapt and innovate. The proposals include: a legislative change so that future assignations of croft tenancies could be to two people in a joint tenancy thereby making crofts more affordable; removing or reducing regulatory barriers that limit the ability of an owner-occupier to grant a standard security over their croft; revised powers for the Crofting Commission to resolve crofting regulatory issues more quickly; and enabling more and different activity to be undertaken on common grazings, including peatland restoration and other environmental initiatives. Comments by 2 September 2024 | ||
| 650 | _aCROFTS | ||
| 650 | _aCROFTING | ||
| 650 | _aCROFTING BILL | ||
| 650 | _aLANDLORD AND TENANT | ||
| 650 | _aRURAL LAND | ||
| 650 | _aSCOTLAND | ||
| 650 | _aSMALL LANDHOLDINGS | ||
| 651 | _aScotland | ||
| 690 |
_96251 _aLand use |
||
| 710 | 2 | _aScottish Government | |
| 856 |
_uhttps://www.gov.scot/binaries/content/documents/govscot/publications/consultation-paper/2024/06/crofting-consultation-2024-proposals-crofting-law-reform/documents/crofting-consultation-2024-proposals-crofting-law-reform/crofting-consultation-2024-proposals-crofting-law-reform/govscot%3Adocument/crofting-consultation-2024-proposals-crofting-law-reform.pdf _zAvailable on gov.scot |
||
| 942 | _n0 | ||
| 999 |
_c121949 _d121949 |
||